Statistics for Name a Valid U.S. President #1

Click here to take the quiz!

General Stats

  • This quiz has been taken 128,044 times
    (93,060 since last reset)
  • The average score is 14 of 18

Answer Stats

Name a President…Answers% Correct
was previously Vice PresidentJohn Adams | Thomas Jefferson | Harry Truman |
Lyndon B. Johnson | Joe Biden | +10 others
98%
less than 50 years old when
inaugurated
Theodore Roosevelt | John F. Kennedy | Bill Clinton |
Barack Obama | + 5 others
97%
was assassinatedAbraham Lincoln | James Garfield | William McKinley | John F. Kennedy
96%
has served since the year 2000Bill Clinton | George W. Bush | Barack Obama |
Donald Trump | Joe Biden
95%
was impeachedAndrew Johnson | Bill Clinton | Donald Trump
91%
with a one-syllable last nameJames K. Polk | Gerald R. Ford | Donald Trump | +6 others
88%
won a Nobel Peace Prize
(not necessarily while in office)
Theodore Roosevelt | Woodrow Wilson | Jimmy Carter | Barack Obama
84%
resigned from officeRichard Nixon
83%
didn't represent the Democratic or
Republican party
George Washington | John Adams | William Henry Harrison |
John Tyler | Zachary Taylor | Millard Fillmore
81%
was elected despite not winning
the popular vote
John Quincy Adams | Rutherford B. Hayes | Benjamin Harrison |
George W. Bush | Donald Trump
78%
with an alliterative name
(i.e. initials are AA, BB etc...)
Woodrow Wilson | Calvin Coolidge | Herbert Hoover | Ronald Reagan
71%
died in office
(but wasn't assassinated)
William Henry Harrison | Zachary Taylor | Warren Harding |
Franklin D. Roosevelt
70%
first name contains the letter "Y"Zachary Taylor | Lyndon B. Johnson | Ulysses S. Grant |
Harry Truman | Jimmy Carter
64%
was born in MassachusettsJohn Adams | John Quincy Adams |
John F. Kennedy | George H. W. Bush
61%
had a mustache in his official portrait
(but no other facial hair)
Grover Cleveland | Theodore Roosevelt | William Howard Taft
58%
had no biological childrenGeorge Washington | James Madison | Andrew Jackson |
James Buchanan | James K. Polk
57%
graduated from West PointUlysses S. Grant | Dwight D. Eisenhower
47%
had a child with a woman
he never married
Thomas Jefferson | Warren Harding
41%

Score Distribution

Percentile by Number Answered

Percent of People with Each Score

Your Score History

You have not taken this quiz since the last reset